吴子兵法 (Record no. 23789)
[ view plain ]
| 000 -LEADER | |
|---|---|
| fixed length control field | 00487nam a22001937a 4500 |
| 003 - CONTROL NUMBER IDENTIFIER | |
| control field | MPLRDC |
| 005 - DATE AND TIME OF LATEST TRANSACTION | |
| control field | 20220104125007.0 |
| 008 - FIXED-LENGTH DATA ELEMENTS--GENERAL INFORMATION | |
| fixed length control field | 210129b ||||| |||| 00| 0 eng d |
| 020 ## - INTERNATIONAL STANDARD BOOK NUMBER | |
| International Standard Book Number | 957-8526-76-8 |
| 082 ## - DEWEY DECIMAL CLASSIFICATION NUMBER | |
| Classification number | 592.093 PYH |
| 100 ## - MAIN ENTRY--PERSONAL NAME | |
| Personal name | 普颖华编著 |
| 245 ## - TITLE STATEMENT | |
| Title | 吴子兵法 |
| Statement of responsibility, etc. | |
| 250 ## - EDITION STATEMENT | |
| Edition statement | 初版 |
| 260 ## - PUBLICATION, DISTRIBUTION, ETC. | |
| Place of publication, distribution, etc. | 台湾 |
| Name of publisher, distributor, etc. | 昭文社 |
| Date of publication, distribution, etc. | 1997 |
| 300 ## - PHYSICAL DESCRIPTION | |
| Other physical details | 310 |
| 490 ## - SERIES STATEMENT | |
| Series statement | 历代名人计谋文库. 12 |
| 650 ## - SUBJECT ADDED ENTRY--TOPICAL TERM | |
| Topical term or geographic name entry element | 兵法; 作战法--吴子兵法 |
| 942 ## - ADDED ENTRY ELEMENTS (KOHA) | |
| Koha item type | Book |
| -- | 592.093 PYH |
| Withdrawn status | Lost status | Source of classification or shelving scheme | Damaged status | Not for loan | Collection code | Home library | Current library | Shelving location | Date acquired | Cost, normal purchase price | Total Checkouts | Full call number | Barcode | Date last seen | Date last checked out | Price effective from | Koha item type | Public note |
|---|---|---|---|---|---|---|---|---|---|---|---|---|---|---|---|---|---|---|
| Malaysian Public Library, Research and Development Centre | Malaysian Public Library, Research and Development Centre | 10/12/2007 | 31.00 | 592.093 PYH | 00023860 | 17/03/2021 | 28/06/2009 | 17/03/2021 | Book | mplrdc |
